Statistics for National Anthem of Peru - ''Himno Nacional del Perú''

Click here to take the quiz!

General Stats

  • This quiz has been taken 12 times
  • The average score is 67 of 101

Answer Stats

Answer% Correct
libres!
100%
¡seámoslo
100%
¡Somos
100%
a
75%
al
75%
al
75%
al
75%
al
75%
Andes
75%
antes
75%
anuncie
75%
bandera
75%
bicolor,
75%
cima
75%
el
75%
el
75%
elevó.
75%
elevó,
75%
En
75%
esfuerzo
75%
Eterno
75%
Eterno
75%
faltemos
75%
faltemos
75%
la
75%
la
75%
la
75%
libres,
75%
libres
75%
los
75%
los
75%
luces
75%
luces,
75%
luces
75%
niegue
75%
o
75%
patria
75%
patria
75%
pendón
75%
que
75%
que
75%
que
75%
que
75%
Que
75%
que
75%
Que
75%
seámoslo
75%
ser
75%
ser
75%
siempre!
75%
siempre,
75%
siglos
75%
Sol!
75%
solemne
75%
solemne
75%
sostengan
75%
su
75%
sus
75%
sus
75%
¡sus
75%
voto
75%
voto
75%
Y
75%
A
50%
al
50%
al
50%
al
50%
cumbres
50%
de
50%
de
50%
dio.
50%
Dios
50%
Dios
50%
el
50%
el
50%
gran
50%
Jacob,
50%
Jacob...
50%
juramento
50%
libres
50%
nacer
50%
nos
50%
por
50%
por
50%
que
50%
que
50%
que
50%
que
50%
rendimos,
50%
rendimos,
50%
rendimos
50%
renovemos
50%
ser
50%
siempre
50%
Sol,
50%
sombra
50%
su
50%
sus
50%
tranquilos,
50%
vivamos
50%
y
50%

Score Distribution

Percentile by Number Answered

Percent of People with Each Score

Your Score History

You have not taken this quiz